Canadian Cities by Skyline Quiz - Statistics

General Stats
  • This quiz has been taken 360 times
  • The average score is 10 of 15
Answer Stats
Picture Answer % Correct
Toronto
100%
Vancouver
92%
Calgary
87%
Quebec City
86%
Ottawa
84%
Montréal
83%
Edmonton
75%
Winnipeg
70%
Halifax
65%
St. John's
56%
Regina
50%
Victoria
43%
Hamilton
38%
Whitehorse
35%
London
25%
No matching quizzes found
Score Distribution
Percent of People with Each Score
Percentile by Number Answered
Your Score History
You have not taken this quiz